ARRUPE JESUIT UNIVERSITY

CORONAVIRUS -STOP THE SPREAD - CLEAN,DISINFECT,COVER

Christian political theory and church politics in the mid-twelfth century; (Record no. 118770)

MARC details
000 -LEADER
fixed length control field 01106cam a2200301 4500
001 - CONTROL NUMBER
control field 4549216
003 - CONTROL NUMBER IDENTIFIER
control field ARRUPE
005 - DATE AND TIME OF LATEST TRANSACTION
control field 20131127125935.0
008 - FIXED-LENGTH DATA ELEMENTS--GENERAL INFORMATION
fixed length control field 720127s1972 cau b 001 0 eng
010 ## - LIBRARY OF CONGRESS CONTROL NUMBER
LC control number 71138512
020 ## - INTERNATIONAL STANDARD BOOK NUMBER
International Standard Book Number 0520018508
040 ## - CATALOGING SOURCE
Original cataloging agency DLC
Transcribing agency DLC
Modifying agency DLC
050 00 - LIBRARY OF CONGRESS CALL NUMBER
Classification number BX1935.8.C545 1972
300 ## - PHYSICAL DESCRIPTION
Dimensions 24 cm.
100 1# - MAIN ENTRY--PERSONAL NAME
Personal name Chodorow, Stanley.
9 (RLIN) 4170
245 10 - TITLE STATEMENT
Title Christian political theory and church politics in the mid-twelfth century;
Remainder of title the ecclesiology of Gratian's Decretum.
260 ## - PUBLICATION, DISTRIBUTION, ETC. (IMPRINT)
Place of publication, distribution, etc Berkeley,
Name of publisher, distributor, etc University of California Press,
Date of publication, distribution, etc 1972.
300 ## - PHYSICAL DESCRIPTION
Extent xi, 300 p.
350 ## - PRICE (NR) (BK AM CF MU VM SE) [OBSOLETE]
Price $15.00
490 1# - SERIES STATEMENT
Series statement Publications of the Center for Medieval and Renaissance Studies, U.C.L.A., 5
504 ## - BIBLIOGRAPHY, ETC. NOTE
Bibliography, etc Bibliography: p. 267-292.
600 00 - SUBJECT ADDED ENTRY--PERSONAL NAME
Personal name Gratian,
Dates associated with a name active 12th century.
Title of a work Decretum.
9 (RLIN) 4171
650 #0 - SUBJECT ADDED ENTRY--TOPICAL TERM
Topical term or geographic name as entry element Canon law
General subdivision History.
9 (RLIN) 4172
650 #0 - SUBJECT ADDED ENTRY--TOPICAL TERM
Topical term or geographic name as entry element Church history
Chronological subdivision 12th century.
9 (RLIN) 4173
650 #0 - SUBJECT ADDED ENTRY--TOPICAL TERM
Topical term or geographic name as entry element Law, Medieval.
9 (RLIN) 4174
830 #0 - SERIES ADDED ENTRY--UNIFORM TITLE
Uniform title Publications of the Center for Medieval and Renaissance Studies ;
Volume number/sequential designation 5.
9 (RLIN) 4175
906 ## - LOCAL DATA ELEMENT F, LDF (RLIN)
a 7
b cbc
c orignew
d 2
e ncip
f 19
g y-gencatlg
942 ## - ADDED ENTRY ELEMENTS (KOHA)
Source of classification or shelving scheme Library of Congress Classification
Koha item type Monograph ( Printed materials)
Holdings
Withdrawn status Lost status Source of classification or shelving scheme Damaged status Not for loan Home library Current library Shelving location Date acquired Total Checkouts Full call number Barcode Date last seen Price effective from Koha item type
    Library of Congress Classification     ARRUPE LIBRARY ARRUPE LIBRARY Main Collection 27/11/2013   BX1935.8.C545 1972 46410858 22/11/2017 27/11/2013 Monograph ( Printed materials)

 

Arrupe Library. PO Box MP320 Mt Pleasant, Harare, Zimbabwe
263 242 745411|librarian@aju.ac.zw